[Event "Wch Blitz (Women)"]
[Site "Moscow"]
[Date "2019.12.29"]
[Round "3"]
[White "Kosteniuk, Alexandra"]
[Black "Mammadzada, Gunay Vuqar Qizi"]
[Result "1-0"]
[WhiteElo "2483"]
[BlackElo "2455"]
[PlyCount "109"]
[EventDate "2019.12.29"]
[EventType "swiss (blitz)"]
[EventRounds "17"]
[EventCountry "RUS"]
[SourceTitle "CBM 193 Extra"]
[Source "ChessBase"]
[SourceDate "2020.01.31"]
[SourceVersion "1"]
[SourceVersionDate "2020.01.31"]
[SourceQuality "1"]

1. e4 c5 2. Nc3 d6 3. f4 g6 4. Nf3 Bg7 5. Bb5+ Bd7 6. Bc4 Nc6 7. O-O Na5 8. Be2
Nf6 9. d3 Nc6 10. Qe1 O-O 11. Qh4 Nd4 12. Bd1 Bg4 13. f5 Bxf3 14. Bxf3 b5 15.
Bd1 b4 16. Ne2 Nc6 17. Ng3 Ne5 18. Bh6 d5 19. fxg6 fxg6 20. Bxg7 Kxg7 21. Qg5
Nf7 22. Qe3 dxe4 23. Nxe4 Nxe4 24. Qxe4 Qd4+ 25. Qxd4+ cxd4 26. a3 a5 27. axb4
axb4 28. Rxa8 Rxa8 29. Bf3 Rc8 30. Bd5 Ne5 31. Bb3 Ng4 32. Rf7+ Kh6 33. Be6 Ne5
34. Rxh7+ Kxh7 35. Bxc8 b3 36. cxb3 Nxd3 37. Be6 Nxb2 38. Kf2 Nd3+ 39. Kf3 Nc5
40. Bc4 e5 41. b4 Na4 42. Ke4 Nb6 43. Bb5 Kh6 44. Kxe5 Kg5 45. Kxd4 Kf4 46. Bc6
g5 47. b5 g4 48. g3+ Kf5 49. Kc5 Na4+ 50. Kd6 Kf6 51. Kc7 Ke5 52. b6 Nc5 53. b7
Kd4 54. Bd7 Ke3 55. Bxg4 1-0

[Event "Wch Blitz (Women)"]
[Site "Moscow"]
[Date "2019.12.29"]
[Round "4"]
[White "Munguntuul, Batkhuyag"]
[Black "Kosteniuk, Alexandra"]
[Result "1/2-1/2"]
[WhiteElo "2430"]
[BlackElo "2483"]
[PlyCount "137"]
[EventDate "2019.12.29"]
[EventType "swiss (blitz)"]
[EventRounds "17"]
[EventCountry "RUS"]
[SourceTitle "CBM 193 Extra"]
[Source "ChessBase"]
[SourceDate "2020.01.31"]
[SourceVersion "1"]
[SourceVersionDate "2020.01.31"]
[SourceQuality "1"]

1. e4 e5 2. Nf3 Nc6 3. Bb5 a6 4. Ba4 Nf6 5. d3 Bc5 6. Nc3 d6 7. Nd5 Nxd5 8.
exd5 b5 9. dxc6 bxa4 10. c3 Bg4 11. Qxa4 Bxf3 12. gxf3 d5 13. d4 exd4 14. cxd4
Bd6 15. Be3 O-O 16. O-O-O Qf6 17. Rhg1 Rfb8 18. Qc2 Qxf3 19. h4 Rb4 20. Kb1
Rab8 21. b3 a5 22. Rd3 Qh5 23. Bc1 a4 24. Ba3 axb3 25. axb3 Rc4 26. Qd1 Qxd1+
27. Rgxd1 Bxa3 28. Ka2 Rc2+ 29. Kxa3 Rxf2 30. Re3 Kf8 31. Rde1 Rf6 32. Re5 Rxc6
33. Rxd5 Ra6+ 34. Kb2 Rab6 35. Re3 Rd6 36. Rc5 Rb7 37. Kc3 g6 38. h5 f5 39.
hxg6 hxg6 40. Rh3 Kg7 41. Kc4 c6 42. Rg3 Kf6 43. b4 Rbd7 44. Rd3 g5 45. d5
cxd5+ 46. Rdxd5 Rxd5 47. Rxd5 Rb7 48. b5 g4 49. Rd6+ Ke5 50. Rg6 Kf4 51. Kc5 g3
52. Kc6 Rb8 53. b6 Kf3 54. Kc7 Rf8 55. b7 Rf7+ 56. Kc6 Rf8 57. Kc7 f4 58. Rf6
Rg8 59. Rg6 Rxg6 60. b8=Q g2 61. Qb3+ Kg4 62. Qd1+ f3 63. Qd4+ Kg3 64. Qe5+ Kf2
65. Qd4+ Kg3 66. Qe5+ Kf2 67. Qd4+ Kf1 68. Qd1+ Kf2 69. Qd4+ 1/2-1/2

[Event "Wch Blitz (Women)"]
[Site "Moscow"]
[Date "2019.12.29"]
[Round "5"]
[White "Kosteniuk, Alexandra"]
[Black "Paehtz, Elisabeth"]
[Result "1/2-1/2"]
[WhiteElo "2483"]
[BlackElo "2475"]
[PlyCount "85"]
[EventDate "2019.12.29"]
[EventType "swiss (blitz)"]
[EventRounds "17"]
[EventCountry "RUS"]
[SourceTitle "CBM 193 Extra"]
[Source "ChessBase"]
[SourceDate "2020.01.31"]
[SourceVersion "1"]
[SourceVersionDate "2020.01.31"]
[SourceQuality "1"]

1. e4 e5 2. Nf3 Nc6 3. Bb5 a6 4. Ba4 Nf6 5. d4 exd4 6. O-O Be7 7. e5 Ne4 8.
Nxd4 Nc5 9. Nf5 O-O 10. Qg4 g6 11. Bxc6 dxc6 12. Nxe7+ Qxe7 13. Qg3 Re8 14. Bf4
Bf5 15. Nc3 Ne6 16. Be3 Bxc2 17. f4 Bd3 18. Rf3 Ng7 19. Qh3 Rad8 20. Bf2 Qd7
21. Qxd7 Rxd7 22. Rd1 Red8 23. Bh4 Bc2 24. Rc1 Bf5 25. Bxd8 Rxd8 26. h3 h5 27.
Rff1 Ne6 28. Rf2 Kf8 29. Kh2 h4 30. Nd1 Rd4 31. Ne3 Be4 32. Rc4 Rxc4 33. Nxc4
Ng7 34. Ne3 Nf5 35. Ng4 Bd5 36. b3 Ke7 37. Rd2 Be6 38. Nf6 Ne3 39. Kg1 Nd5 40.
Ng8+ Kf8 41. Nf6 Ke7 42. Ng8+ Kf8 43. Nf6 1/2-1/2

[Event "Wch Blitz (Women)"]
[Site "Moscow"]
[Date "2019.12.29"]
[Round "6"]
[White "Gunina, Valentina"]
[Black "Kosteniuk, Alexandra"]
[Result "1-0"]
[WhiteElo "2492"]
[BlackElo "2483"]
[PlyCount "109"]
[EventDate "2019.12.29"]
[EventType "swiss (blitz)"]
[EventRounds "17"]
[EventCountry "RUS"]
[SourceTitle "CBM 193 Extra"]
[Source "ChessBase"]
[SourceDate "2020.01.31"]
[SourceVersion "1"]
[SourceVersionDate "2020.01.31"]
[SourceQuality "1"]

1. d4 Nf6 2. c4 e6 3. Nf3 b6 4. g3 Bb7 5. Bg2 Be7 6. Nc3 O-O 7. Bd2 d5 8. cxd5
exd5 9. O-O Na6 10. Bf4 c5 11. Rc1 Ne4 12. dxc5 Naxc5 13. Nd4 Nxc3 14. Rxc3 Bf6
15. Rc1 Rc8 16. Bh3 Ra8 17. b4 Na6 18. a3 g6 19. Qd3 Qe7 20. Rfd1 Rfe8 21. Nb5
Rad8 22. Nc7 Nb8 23. Nxe8 Qxe8 24. b5 Nd7 25. Bxd7 Rxd7 26. h4 d4 27. f3 h5 28.
Rc7 Rxc7 29. Bxc7 Qd7 30. Bf4 Qe6 31. Rc1 Bd5 32. Kg2 Qe8 33. Rc7 Be6 34. Bg5
Bf5 35. Qd2 Bxg5 36. hxg5 Qxb5 37. Rxa7 Be6 38. Ra8+ Kh7 39. Kf2 Qc5 40. Qb4
Qe5 41. Qd2 Bc4 42. Rd8 d3 43. exd3 Be6 44. d4 Qc7 45. Re8 Qc6 46. Rf8 Qd6 47.
Ra8 Qd5 48. Ra7 Qf5 49. d5 Bxd5 50. Qc3 b5 51. Re7 Be6 52. Re8 f6 53. Qc7+ Bd7
54. Re7+ Kg8 55. Qd8+ 1-0

[Event "Wch Blitz (Women)"]
[Site "Moscow"]
[Date "2019.12.29"]
[Round "7"]
[White "Kosteniuk, Alexandra"]
[Black "Ambartsumova, Karina"]
[Result "1-0"]
[WhiteElo "2483"]
[BlackElo "2341"]
[PlyCount "51"]
[EventDate "2019.12.29"]
[EventType "swiss (blitz)"]
[EventRounds "17"]
[EventCountry "RUS"]
[SourceTitle "CBM 193 Extra"]
[Source "ChessBase"]
[SourceDate "2020.01.31"]
[SourceVersion "1"]
[SourceVersionDate "2020.01.31"]
[SourceQuality "1"]

1. e4 e5 2. Nf3 Nc6 3. Bb5 Nf6 4. d4 Nxe4 5. O-O Nd6 6. Bxc6 dxc6 7. dxe5 Nf5
8. Qxd8+ Kxd8 9. Rd1+ Ke8 10. Nc3 Be7 11. Ne4 h6 12. b3 Be6 13. Bb2 Rd8 14. h3
b6 15. c4 a5 16. g4 Nh4 17. Nxh4 Bxh4 18. f4 Bc8 19. e6 Kf8 20. g5 Re8 21. Nf6
gxf6 22. Bxf6 Rh7 23. e7+ Rxe7 24. Rd8+ Re8 25. Rad1 Bd7 26. R1xd7 1-0

[Event "Wch Blitz (Women)"]
[Site "Moscow"]
[Date "2019.12.29"]
[Round "8"]
[White "Guichard, Pauline"]
[Black "Kosteniuk, Alexandra"]
[Result "0-1"]
[WhiteElo "2408"]
[BlackElo "2483"]
[PlyCount "111"]
[EventDate "2019.12.29"]
[EventType "swiss (blitz)"]
[EventRounds "17"]
[EventCountry "RUS"]
[SourceTitle "CBM 193 Extra"]
[Source "ChessBase"]
[SourceDate "2020.01.31"]
[SourceVersion "1"]
[SourceVersionDate "2020.01.31"]
[SourceQuality "1"]

1. c4 Nf6 2. Nf3 c5 3. Nc3 Nc6 4. e3 e6 5. d4 d5 6. cxd5 Nxd5 7. Bb5 Qb6 8.
Bxc6+ bxc6 9. O-O Ba6 10. Re1 c4 11. Na4 Qc7 12. Bd2 Be7 13. e4 Nf4 14. Ne5 Ng6
15. Nxg6 hxg6 16. h3 Rd8 17. Be3 g5 18. Qf3 Rh4 19. Rad1 g4 20. Qg3 Qxg3 21.
fxg3 Rh5 22. hxg4 Ra5 23. Nc3 Rb8 24. Re2 Bb4 25. Kf2 Bxc3 26. bxc3 Ra3 27. Rc2
Bb5 28. Rb1 Rb6 29. Bc1 Ra5 30. Be3 Ba4 31. Rxb6 axb6 32. Rb2 b5 33. Ke2 Ke7
34. g5 Ra8 35. Kd2 Rh8 36. Rb1 Rh2 37. Rg1 f6 38. gxf6+ gxf6 39. Ke2 Bc2 40.
Kf3 f5 41. exf5 exf5 42. g4 fxg4+ 43. Kxg4 Rh8 44. Kf3 Ra8 45. Ra1 Ke6 46. g4
Rf8+ 47. Kg3 Kd5 48. g5 Ke4 49. Bd2 Kd3 50. Be1 Ke2 51. Rb1 Bd3 52. Kh4 Rf1 53.
Bd2 Kxd2 54. Rxf1 Bxf1 55. g6 Bd3 56. g7 0-1

[Event "Wch Blitz (Women)"]
[Site "Moscow"]
[Date "2019.12.29"]
[Round "9"]
[White "Kosteniuk, Alexandra"]
[Black "Voit, Daria"]
[Result "1-0"]
[WhiteElo "2483"]
[BlackElo "2336"]
[PlyCount "83"]
[EventDate "2019.12.29"]
[EventType "swiss (blitz)"]
[EventRounds "17"]
[EventCountry "RUS"]
[SourceTitle "CBM 193 Extra"]
[Source "ChessBase"]
[SourceDate "2020.01.31"]
[SourceVersion "1"]
[SourceVersionDate "2020.01.31"]
[SourceQuality "1"]

1. e4 e6 2. d4 d5 3. exd5 exd5 4. Nf3 Nf6 5. Bd3 Bd6 6. Qe2+ Qe7 7. Qxe7+ Bxe7
8. Bf4 c6 9. O-O h6 10. Ne5 Be6 11. Re1 Nbd7 12. Ng6 Kd8 13. Nxh8 Nf8 14. Be5
Kd7 15. f4 g6 16. Rf1 N8h7 17. Nxg6 fxg6 18. Bxg6 Nf8 19. Bd3 Ne4 20. f5 Bf7
21. Bxe4 dxe4 22. Nd2 e3 23. Ne4 Bd5 24. Nc3 Nh7 25. f6 Bb4 26. Nxd5 cxd5 27.
c3 Bd6 28. Rae1 Bxe5 29. dxe5 Ke6 30. Rxe3 Ng5 31. f7 Nxf7 32. Rf6+ Ke7 33. Rg6
Rc8 34. e6 Nd6 35. Rxh6 d4 36. Rf3 dxc3 37. bxc3 Rc5 38. h4 Ra5 39. Re3 Rxa2
40. Rh7+ Ke8 41. e7 b5 42. Rh8+ 1-0

[Event "Wch Blitz (Women)"]
[Site "Moscow"]
[Date "2019.12.30"]
[Round "10"]
[White "Kosteniuk, Alexandra"]
[Black "Lagno, Kateryna"]
[Result "0-1"]
[WhiteElo "2483"]
[BlackElo "2547"]
[PlyCount "60"]
[EventDate "2019.12.29"]
[EventType "swiss (blitz)"]
[EventRounds "17"]
[EventCountry "RUS"]
[SourceTitle "CBM 193 Extra"]
[Source "ChessBase"]
[SourceDate "2020.01.31"]
[SourceVersion "1"]
[SourceVersionDate "2020.01.31"]
[SourceQuality "1"]

1. e4 e5 2. Bc4 Nc6 3. Nc3 Nf6 4. d3 Na5 5. Nge2 Be7 6. O-O O-O 7. Ng3 d6 8.
Bb3 Nxb3 9. axb3 Be6 10. f4 exf4 11. Bxf4 c5 12. h3 a6 13. Bd2 d5 14. exd5 Nxd5
15. Nf5 Bf6 16. Ra4 Kh8 17. Qf3 Qd7 18. Ne4 Bxb2 19. Nxc5 Qc8 20. Ne4 Qxc2 21.
Rc4 Qxb3 22. Rb1 Bxf5 23. Qxf5 Qxd3 24. Rxb2 Qxc4 25. Rxb7 Qd4+ 26. Kh2 Rae8
27. Ng5 Nf6 28. Nxf7+ Rxf7 29. Rxf7 Qxd2 30. Qe6 Rxe6 0-1

[Event "Wch Blitz (Women)"]
[Site "Moscow"]
[Date "2019.12.30"]
[Round "11"]
[White "Dzagnidze, Nana"]
[Black "Kosteniuk, Alexandra"]
[Result "0-1"]
[WhiteElo "2520"]
[BlackElo "2483"]
[PlyCount "78"]
[EventDate "2019.12.29"]
[EventType "swiss (blitz)"]
[EventRounds "17"]
[EventCountry "RUS"]
[SourceTitle "CBM 193 Extra"]
[Source "ChessBase"]
[SourceDate "2020.01.31"]
[SourceVersion "1"]
[SourceVersionDate "2020.01.31"]
[SourceQuality "1"]

1. d4 Nf6 2. c4 e6 3. Nf3 b6 4. g3 Bb7 5. Bg2 Be7 6. O-O O-O 7. Bf4 d6 8. Nc3
Ne4 9. Nxe4 Bxe4 10. Rc1 Nd7 11. Bh3 f5 12. d5 e5 13. Bd2 a5 14. Ne1 f4 15. f3
Bg6 16. Nd3 Bg5 17. Kh1 Nc5 18. Nxc5 bxc5 19. Rg1 e4 20. gxf4 Bxf4 21. Bxf4
Rxf4 22. Be6+ Kh8 23. Rxg6 hxg6 24. Qf1 Qh4 25. Qg2 exf3 26. exf3 Raf8 27. Rg1
Rxf3 28. Qxg6 Qh6 29. Qe4 Rf2 30. h3 Qf4 31. Qxf4 R8xf4 32. b3 Rf1 33. Kg2
R4f2+ 34. Kg3 Rxg1+ 35. Kxf2 Ra1 36. a4 Rb1 37. Ke3 Rxb3+ 38. Kd2 Rb4 39. Kc3
Rxa4 0-1

[Event "Wch Blitz (Women)"]
[Site "Moscow"]
[Date "2019.12.30"]
[Round "12"]
[White "Bodnaruk, Anastasia"]
[Black "Kosteniuk, Alexandra"]
[Result "1/2-1/2"]
[WhiteElo "2413"]
[BlackElo "2483"]
[PlyCount "115"]
[EventDate "2019.12.29"]
[EventType "swiss (blitz)"]
[EventRounds "17"]
[EventCountry "RUS"]
[SourceTitle "CBM 193 Extra"]
[Source "ChessBase"]
[SourceDate "2020.01.31"]
[SourceVersion "1"]
[SourceVersionDate "2020.01.31"]
[SourceQuality "1"]

1. e4 e5 2. Nf3 Nc6 3. Bb5 a6 4. Ba4 Nf6 5. O-O Be7 6. d3 b5 7. Bb3 O-O 8. a4
b4 9. a5 d6 10. Nbd2 Be6 11. Nc4 Nd7 12. Be3 Qc8 13. c3 bxc3 14. bxc3 Kh8 15.
d4 exd4 16. cxd4 d5 17. exd5 Bxd5 18. Nce5 Bxb3 19. Qxb3 Ndxe5 20. dxe5 Nd8 21.
Rfc1 Ne6 22. Qd3 c5 23. Rab1 Qd8 24. Qc3 Rb8 25. Nd2 Rb5 26. Nc4 Qd5 27. Rd1
Rxb1 28. Rxb1 Nd4 29. Bxd4 cxd4 30. Qd3 Bc5 31. h3 h6 32. Re1 Re8 33. f4 Bb4
34. Re2 Rd8 35. f5 Re8 36. Re4 Bc5 37. Kf1 Qd7 38. g4 Rb8 39. Kg2 Qd5 40. Kg3
Rb4 41. Nd2 Ra4 42. Qe2 d3 43. Qf3 Rxe4 44. Qxe4 Qxe4 45. Nxe4 Bb4 46. Kf3 Bxa5
47. Nc5 d2 48. Ke2 Kg8 49. Nxa6 Bc3 50. e6 fxe6 51. fxe6 Kf8 52. Nc7 Ba5 53.
Nd5 Ke8 54. h4 Kf8 55. Kd1 Ke8 56. Ke2 Kf8 57. Kd1 Ke8 58. Ke2 1/2-1/2

[Event "Wch Blitz (Women)"]
[Site "Moscow"]
[Date "2019.12.30"]
[Round "13"]
[White "Kosteniuk, Alexandra"]
[Black "Arabidze, Meri"]
[Result "1/2-1/2"]
[WhiteElo "2483"]
[BlackElo "2435"]
[PlyCount "110"]
[EventDate "2019.12.29"]
[EventType "swiss (blitz)"]
[EventRounds "17"]
[EventCountry "RUS"]
[SourceTitle "CBM 193 Extra"]
[Source "ChessBase"]
[SourceDate "2020.01.31"]
[SourceVersion "1"]
[SourceVersionDate "2020.01.31"]
[SourceQuality "1"]

1. e4 e5 2. Bc4 Nc6 3. Nc3 Nf6 4. d3 Be7 5. f4 d6 6. Nf3 exf4 7. Bxf4 Be6 8.
Bb5 a6 9. Bxc6+ bxc6 10. O-O c5 11. b3 O-O 12. h3 Nd7 13. Qe1 Bf6 14. Bd2 Ne5
15. Qg3 Nxf3+ 16. Qxf3 Bd4+ 17. Kh1 f5 18. exf5 Rxf5 19. Qe4 Re5 20. Qf3 Rf5
21. Qc6 Bxc3 22. Bxc3 Bd5 23. Qa4 Qg5 24. Qg4 Qxg4 25. hxg4 Rg5 26. Rf4 Re8 27.
Raf1 h6 28. R1f2 Kh7 29. Kh2 Re6 30. Rf5 Reg6 31. Rxg5 Rxg5 32. Rf5 Kg6 33. Ba5
Rxf5 34. gxf5+ Kxf5 35. Bxc7 Ke6 36. Kg3 g6 37. Ba5 Bc6 38. Bd2 h5 39. Kf2 Kf5
40. c3 Bb5 41. c4 Bc6 42. a3 Bd7 43. b4 cxb4 44. axb4 Ke6 45. Bf4 d5 46. Ke3
dxc4 47. dxc4 Bc6 48. g3 Kd7 49. Kd4 Bf3 50. Kc5 Be2 51. Kd5 Bd3 52. c5 Bc2 53.
c6+ Kc8 54. Ke6 Bd3 55. c7 Bc2 1/2-1/2

[Event "Wch Blitz (Women)"]
[Site "Moscow"]
[Date "2019.12.30"]
[Round "14"]
[White "Lei, Tingjie"]
[Black "Kosteniuk, Alexandra"]
[Result "1-0"]
[WhiteElo "2483"]
[BlackElo "2483"]
[PlyCount "71"]
[EventDate "2019.12.29"]
[EventType "swiss (blitz)"]
[EventRounds "17"]
[EventCountry "RUS"]
[SourceTitle "CBM 193 Extra"]
[Source "ChessBase"]
[SourceDate "2020.01.31"]
[SourceVersion "1"]
[SourceVersionDate "2020.01.31"]
[SourceQuality "1"]

1. e4 e5 2. Nf3 Nc6 3. Bb5 a6 4. Ba4 Nf6 5. O-O Be7 6. Re1 b5 7. Bb3 d6 8. c3
O-O 9. h3 h6 10. d4 Re8 11. Nbd2 Bf8 12. d5 Na5 13. Bc2 c5 14. Nf1 Nc4 15. b3
Nb6 16. Ng3 g6 17. Nh2 Bg7 18. Qf3 Nbd7 19. Be3 Nf8 20. Rad1 Bd7 21. Qe2 Qa5
22. Qd2 Kh7 23. f4 exf4 24. Bxf4 Ng8 25. Bxd6 Bxc3 26. Qf2 f6 27. e5 Bd4 28.
Rxd4 cxd4 29. Nh5 f5 30. e6 Nxe6 31. dxe6 Rxe6 32. Rxe6 Bxe6 33. Nf4 Bf7 34.
Nf3 Rd8 35. Be5 Qxa2 36. Qh4 1-0

[Event "Wch Blitz (Women)"]
[Site "Moscow"]
[Date "2019.12.30"]
[Round "15"]
[White "Kosteniuk, Alexandra"]
[Black "Tan, Zhongyi"]
[Result "1/2-1/2"]
[WhiteElo "2483"]
[BlackElo "2502"]
[PlyCount "224"]
[EventDate "2019.12.29"]
[EventType "swiss (blitz)"]
[EventRounds "17"]
[EventCountry "RUS"]
[SourceTitle "CBM 193 Extra"]
[Source "ChessBase"]
[SourceDate "2020.01.31"]
[SourceVersion "1"]
[SourceVersionDate "2020.01.31"]
[SourceQuality "1"]

1. e4 d6 2. d4 Nf6 3. Nc3 g6 4. Nf3 Bg7 5. Be2 a6 6. O-O O-O 7. Re1 Nc6 8. d5
Ne5 9. Nxe5 dxe5 10. Bg5 h6 11. Bh4 e6 12. Bg3 Qd6 13. Bc4 exd5 14. exd5 Nh5
15. Bh4 f5 16. Be7 Qd7 17. Bxf8 Kxf8 18. Qd2 Qd6 19. Bb3 Bd7 20. f3 Re8 21.
Rad1 Nf4 22. Ne2 Nh5 23. Ng3 Nf6 24. c4 Kg8 25. Qc2 b6 26. Re2 Kh7 27. Rde1 h5
28. Qd2 h4 29. Nf1 Bh6 30. Qc3 e4 31. Bc2 Bg7 32. Qd2 Bh6 33. Qd4 Bg7 34. Qf2
exf3 35. Rxe8 Bxe8 36. gxf3 Qf4 37. Bd3 b5 38. Qe3 Qd6 39. b3 bxc4 40. bxc4 Ba4
41. Qe7 Qf4 42. Kh1 Nh5 43. Qe3 Qd6 44. Qe6 Qf4 45. Qe3 Qd6 46. Rb1 Nf4 47. Be2
Nxe2 48. Qxe2 Qf4 49. c5 Bb5 50. Qf2 Bd4 51. Qg2 Bc4 52. d6 cxd6 53. cxd6 Qxd6
54. Rd1 Qe5 55. Qd2 Bc5 56. Qd7+ Kh6 57. Qd2+ f4 58. Re1 Qf5 59. Re4 Bxf1 60.
Rxf4 Qd3 61. Rxh4+ Kg7 62. Qh6+ Kf7 63. Qf4+ Ke6 64. Qe4+ Qxe4 65. Rxe4+ Kf5
66. Re1 Bb5 67. Kg2 Bd4 68. Rd1 Be5 69. Rd5 g5 70. Rc5 Bd3 71. a4 Kf4 72. Rc6
Be2 73. Kf2 Bxf3 74. Rxa6 Bd4+ 75. Ke1 g4 76. Re6 Bg1 77. Rh6 Kg5 78. Rh8 Bd4
79. Rg8+ Kh4 80. Kd2 Kh3 81. a5 Kxh2 82. a6 g3 83. Kd3 Bf2 84. Rh8+ Kg1 85. Rf8
Bc6 86. Ke2 Bb5+ 87. Kf3 Bxa6 88. Rg8 Bb7+ 89. Ke2 Kg2 90. Rg7 Bf3+ 91. Kd3 Kg1
92. Rf7 Bc6 93. Rg7 g2 94. Ke2 Bb5+ 95. Kf3 Bc6+ 96. Ke2 Bd4 97. Rg4 Ba7 98.
Rg6 Bb5+ 99. Kf3 Bf1 100. Rg7 Bb8 101. Rg8 Bh2 102. Rg6 Kh1 103. Kf2 Bg1+ 104.
Kf3 Bd4 105. Rh6+ Kg1 106. Rd6 Bc5 107. Rg6 Ba3 108. Rg8 Bd6 109. Rg6 Be5 110.
Rg5 Bf6 111. Rg6 Bd4 112. Rg4 Bf6 1/2-1/2

[Event "Wch Blitz (Women)"]
[Site "Moscow"]
[Date "2019.12.30"]
[Round "16"]
[White "Socko, Monika"]
[Black "Kosteniuk, Alexandra"]
[Result "0-1"]
[WhiteElo "2407"]
[BlackElo "2483"]
[PlyCount "104"]
[EventDate "2019.12.29"]
[EventType "swiss (blitz)"]
[EventRounds "17"]
[EventCountry "RUS"]
[SourceTitle "CBM 193 Extra"]
[Source "ChessBase"]
[SourceDate "2020.01.31"]
[SourceVersion "1"]
[SourceVersionDate "2020.01.31"]
[SourceQuality "1"]

1. d4 Nf6 2. c4 e6 3. g3 d5 4. Nf3 Bb4+ 5. Nbd2 O-O 6. Bg2 b6 7. O-O Bb7 8. a3
Be7 9. b4 a5 10. b5 dxc4 11. Nxc4 Qd5 12. Rb1 Qxc4 13. Ne5 Qa2 14. Rb2 Qxa3 15.
Bxb7 Ra7 16. Bg2 Qd6 17. Ra2 Qd8 18. Bb2 Nd5 19. Qb3 Nb4 20. Raa1 Bd6 21. Nc4
Qd7 22. e4 Qxb5 23. Rfc1 Be7 24. d5 exd5 25. exd5 Nd7 26. Ne3 Qd3 27. Rc3 Qg6
28. Rc4 h5 29. Be4 Nc5 30. Rxc5 Qxe4 31. Rc4 Qg6 32. Rf4 Bd6 33. Nf5 a4 34. Qf3
a3 35. Bxg7 Bxf4 36. Ne7+ Kxg7 37. Nxg6 fxg6 38. gxf4 Rf6 39. Rxa3 Rxa3 40.
Qxa3 Nxd5 41. Qd3 Nxf4 42. Qd7+ Rf7 43. Qe8 Nh3+ 44. Kg2 Nxf2 45. Qe5+ Kh7 46.
Qe8 Kg7 47. Qe5+ Kf8 48. Qh8+ Ke7 49. Qe5+ Kd7 50. Qd5+ Ke8 51. Qe6+ Kf8 52.
Qxg6 Rg7 0-1

[Event "Wch Blitz (Women)"]
[Site "Moscow"]
[Date "2019.12.30"]
[Round "17"]
[White "Kosteniuk, Alexandra"]
[Black "Galliamova, Alisa"]
[Result "1-0"]
[WhiteElo "2483"]
[BlackElo "2438"]
[PlyCount "57"]
[EventDate "2019.12.29"]
[EventType "swiss (blitz)"]
[EventRounds "17"]
[EventCountry "RUS"]
[SourceTitle "CBM 193 Extra"]
[Source "ChessBase"]
[SourceDate "2020.01.31"]
[SourceVersion "1"]
[SourceVersionDate "2020.01.31"]
[SourceQuality "1"]

1. e4 e5 2. Bc4 Nf6 3. d3 c6 4. Nf3 d5 5. Bb3 Bd6 6. exd5 cxd5 7. Bg5 Be6 8.
Nc3 Bc7 9. Qe2 Nc6 10. Bxf6 gxf6 11. O-O-O Qd7 12. Kb1 O-O-O 13. Na4 b6 14. d4
e4 15. Nh4 f5 16. g3 f4 17. f3 f5 18. gxf4 Bxf4 19. Nc3 Kb7 20. fxe4 fxe4 21.
Rhg1 Qe7 22. Ng2 Bxh2 23. Rh1 Bc7 24. Ne3 Qg7 25. Rhg1 Qf7 26. Nxe4 Na5 27. Ng5
Qe7 28. Nxd5 Rxd5 29. Bxd5+ 1-0

[Event "Saint Louis Cairns Cup (Women) 2nd"]
[Site "Saint Louis"]
[Date "2020.02.07"]
[Round "1"]
[White "Kosteniuk, Alexandra"]
[Black "Krush, Irina"]
[Result "1/2-1/2"]
[WhiteElo "2504"]
[BlackElo "2422"]
[PlyCount "101"]
[EventDate "2020.02.07"]
[EventType "tourn"]
[EventRounds "9"]
[EventCountry "USA"]
[EventCategory "11"]
[SourceTitle "CBM 194 Extra"]
[Source "ChessBase"]
[SourceDate "2020.03.31"]
[SourceVersion "1"]
[SourceVersionDate "2020.03.31"]
[SourceQuality "1"]

1. e4 c5 2. c3 d5 3. exd5 Qxd5 4. d4 Nf6 5. Nf3 e6 6. Be2 Nc6 7. O-O cxd4 8.
cxd4 Be7 9. Nc3 Qd6 10. Nb5 Qd8 11. Bf4 Nd5 12. Bg3 O-O 13. Rc1 Bd7 14. Nd6
Bxd6 15. Bxd6 Nce7 16. Qd2 a6 17. Ba3 Bb5 18. Bxb5 axb5 19. Ne5 Ra4 20. Qd1 Qe8
21. Bc5 b6 22. Bxe7 Qxe7 23. a3 Rfa8 24. Nc6 Qd6 25. Qf3 Rc4 26. Ne5 Rc7 27.
Rc6 Qe7 28. Qe2 b4 29. axb4 Qxb4 30. Rxc7 Nxc7 31. Qf3 Rf8 32. Nc6 Qd6 33. Rc1
Nd5 34. Rc4 f6 35. b4 Ra8 36. g3 Ra6 37. Ne5 Ra8 38. Nc6 h6 39. Rc1 Kh8 40. Qe4
Rc8 41. b5 Ra8 42. Kg2 Kg8 43. h4 Kh8 44. Rc2 Qd7 45. Kh2 Qd6 46. Qg6 Nc7 47.
Qf7 Rf8 48. Qh5 Ra8 49. Qf7 Rf8 50. Qh5 Ra8 51. Qf7 1/2-1/2

[Event "Saint Louis Cairns Cup (Women) 2nd"]
[Site "Saint Louis"]
[Date "2020.02.08"]
[Round "2"]
[White "Gunina, Valentina"]
[Black "Kosteniuk, Alexandra"]
[Result "0-1"]
[WhiteElo "2461"]
[BlackElo "2504"]
[PlyCount "80"]
[EventDate "2020.02.07"]
[EventType "tourn"]
[EventRounds "9"]
[EventCountry "USA"]
[EventCategory "11"]
[SourceTitle "CBM 194 Extra"]
[Source "ChessBase"]
[SourceDate "2020.03.31"]
[SourceVersion "1"]
[SourceVersionDate "2020.03.31"]
[SourceQuality "1"]

1. e4 e5 2. Nf3 Nc6 3. Bb5 a6 4. Ba4 Nf6 5. d3 d6 6. c4 Bg4 7. Be3 Nd7 8. h3
Bh5 9. Nc3 Qb8 10. Nd5 Qc8 11. g4 Bg6 12. Nh4 Nd8 13. Bb6 Ne6 14. Bxc7 b5 15.
cxb5 axb5 16. Bxb5 Nxc7 17. Rc1 Nxb5 18. Rxc8+ Rxc8 19. Qa4 Rb8 20. O-O Be7 21.
Nxg6 hxg6 22. Rc1 Bd8 23. Qa6 O-O 24. b4 Nf6 25. Rc8 Rxc8 26. Qxc8 Nxd5 27.
exd5 Nd4 28. a4 f5 29. g5 e4 30. dxe4 Bxg5 31. Qc4 Nf3+ 32. Kg2 Ne5 33. Qc2
fxe4 34. Qxe4 Rf4 35. Qe1 Bh4 36. b5 Nd3 37. Qe8+ Kh7 38. f3 Rxa4 39. f4 Ra2+
40. Kf3 Ne1+ 0-1

[Event "Saint Louis Cairns Cup (Women) 2nd"]
[Site "Saint Louis"]
[Date "2020.02.09"]
[Round "3"]
[White "Kosteniuk, Alexandra"]
[Black "Harika, Dronavalli"]
[Result "0-1"]
[WhiteElo "2504"]
[BlackElo "2518"]
[PlyCount "92"]
[EventDate "2020.02.07"]
[EventType "tourn"]
[EventRounds "9"]
[EventCountry "USA"]
[EventCategory "11"]
[SourceTitle "CBM 194 Extra"]
[Source "ChessBase"]
[SourceDate "2020.03.31"]
[SourceVersion "1"]
[SourceVersionDate "2020.03.31"]
[SourceQuality "1"]

1. e4 e5 2. Nf3 Nc6 3. Bb5 a6 4. Ba4 Nf6 5. O-O Be7 6. d3 b5 7. Bb3 O-O 8. Nc3
d6 9. a3 Na5 10. Ba2 Be6 11. b4 Bxa2 12. Nxa2 Nc6 13. Re1 Qd7 14. c4 Rab8 15.
Nc3 Nd4 16. Nxd4 exd4 17. Ne2 c5 18. bxc5 dxc5 19. Nf4 Ne8 20. Bd2 Bg5 21. Qh5
h6 22. Rec1 Rc8 23. g3 Rc6 24. Rab1 bxc4 25. dxc4 Nf6 26. Qf3 Re8 27. Re1 Ng4
28. Rb3 Ne5 29. Qe2 Rd6 30. Nd3 Nxd3 31. Rxd3 Bxd2 32. Qxd2 Rde6 33. Qa5 Qc6
34. f3 f5 35. e5 Rxe5 36. Rxe5 Rxe5 37. Rb3 Kh7 38. Qd8 Qe6 39. Kg2 Re2+ 40.
Kh3 f4+ 41. g4 Re3 42. Qb8 Qc6 43. Rxe3 fxe3 44. Kg3 d3 45. Qd8 d2 46. h4 Qg6
0-1